Southville International School and Colleges
Your cart is empty.
  • Cart
  • Lists
    Public lists Eva Luna New books Lux_list list_1
    Your lists Log in to create your own lists
  • Log in to your account
  • Your cookies
  • Search history
Southville International School and Colleges
  • Advanced search
  • Recent comments
  • Most popular
  • Libraries

Log in to your account

Log in with GOOGLE


If you do not have an external account, but do have a local account, you can still log in:

  1. Home
  2. MARC view: Collecting, managing, and assessing data using sample surveys /
Normal view MARC view ISBD view

Collecting, managing, and assessing data using sample surveys / (Record no. 25197)

[ view plain ]
MARC details
000 -LEADER
fixed length control field 00698nam a2200217 a 4500
003 - CONTROL NUMBER IDENTIFIER
control field SISC
005 - DATE AND TIME OF LATEST TRANSACTION
control field 20160822140535.0
008 - FIXED-LENGTH DATA ELEMENTS--GENERAL INFORMATION
fixed length control field 120713s19uu xx 00 eng d
020 ## - INTERNATIONAL STANDARD BOOK NUMBER
International Standard Book Number 9780521681872
050 ## - LIBRARY OF CONGRESS CALL NUMBER
Classification number HA 31.2
Item number .St83 2012
100 ## - MAIN ENTRY--PERSONAL NAME
Personal name Stopher, Peter R.
245 ## - TITLE STATEMENT
Title Collecting, managing, and assessing data using sample surveys /
Statement of responsibility, etc Peter Stopher.
260 ## - PUBLICATION, DISTRIBUTION, ETC. (IMPRINT)
Place of publication, distribution, etc Cambridge, UK :
Name of publisher, distributor, etc Cambridge University Press,
Date of publication, distribution, etc 2012.
300 ## - PHYSICAL DESCRIPTION
Extent 534 pages :
Other physical details ill. ;
Dimensions 30 cm.
500 ## - GENERAL NOTE
General note Includes bibliographical references (p. 511-524) and index.
650 ## - SUBJECT ADDED ENTRY--TOPICAL TERM
Topical term or geographic name as entry element Surveys
General subdivision Design.
650 ## - SUBJECT ADDED ENTRY--TOPICAL TERM
Topical term or geographic name as entry element Surveys
General subdivision Methodology
650 ## - SUBJECT ADDED ENTRY--TOPICAL TERM
Topical term or geographic name as entry element Sampling (Statistics)
942 ## - ADDED ENTRY ELEMENTS (KOHA)
Koha item type Books
Source of classification or shelving scheme Library of Congress Classification
Call number prefix Foreign
Holdings
Withdrawn status Lost status Source of classification or shelving scheme Damaged status Home library Current library Shelving location Date acquired Cost, normal purchase price Total Checkouts Full call number Barcode Date last seen Price effective from Koha item type
    Library of Congress Classification   College Library College Library Reserve Section 07/13/2012 4505.00   HA 31.2 .St83 2012 C15138 05/15/2018 10/18/2013 Books

Collecting, managing, and assessing data using sample surveys /

APA

Stopher P. R., . (2012). Collecting, managing, and assessing data using sample surveys. Cambridge, UK: Cambridge University Press.

Chicago

Stopher Peter R, . 2012. Collecting, managing, and assessing data using sample surveys. Cambridge, UK: Cambridge University Press.

Harvard

Stopher P. R., . (2012). Collecting, managing, and assessing data using sample surveys. Cambridge, UK: Cambridge University Press.

MLA

Stopher Peter R, . Collecting, managing, and assessing data using sample surveys. Cambridge, UK: Cambridge University Press. 2012.

  • Place hold
  • Print
  • Cite
  • Add to your cart (remove)
  • Save record
    BIBTEX Dublin Core MARCXML MARC (non-Unicode/MARC-8) MARC (Unicode/UTF-8) MARC (Unicode/UTF-8, Standard) MODS (XML) RIS
  • More searches
    Search for this title in:
    Other Libraries (WorldCat) Other Databases (Google Scholar) Online Stores (Bookfinder.com) Open Library (openlibrary.org)

Exporting to Dublin Core...

SOUTHVILLE LIBRARY

Southville International School and Colleges Library

1281 Tropical Ave. Cor. Luxembourg St., BF Homes International, Las Pinas City

Tel. No. 8256374 / 252358 Loc. 117/146

Powered by Koha